00689nam a2200205Ia 450000500170000000800410001702000180005804100080007608200150008410000190009924500520011826000400017030000090021050000280021965000360024770000190028394200070030299900170030995201570032620251121155837.0230125s9999 xx 000 0 und d a0-385-30788-8 aeng a158.1bSHE aSher b9215348 aI Could do AnythingbIf I Only Knew What it Was c1994bDelacorte publisheraNew York a322p aPersonality Development aPersonality Development9213420 aSher b9215348 cBK c94898d94898 00104070aHIMRbHIMRd2017-06-27eDonated Book- Outside Donarg1.00o158.1 SHE DB2802pHIMR-DB-2802r2023-01-25 00:00:00v1.00w2023-01-25yDBzDB2802